| 000 | 00000nam##2200000za#4500 |
| 001 | 9.696948 |
| 003 | CaOODSP |
| 005 | 20210624235249 |
| 007 | cr ||||||||||| |
| 008 | 150407|1997||||xxc|||||o f|0| 0 eng|d |
| 040 | |aCaOODSP|beng |
| 043 | |an-cn--- |
| 086 | 1 |aCS92-F0028/1997E-PDF |
| 245 | 00|aPostal code / federal riding file |h[electronic resource] |
| 246 | 1 |iSeries title also given on publication as : |aUser Guide |
| 260 | |aOttawa - Ontario : |bStatistics Canada |c1997. |
| 500 | |aHistorical census publication digitized by Statistics Canada. |
| 590 | |a12-44-Supp|b2012-12-13 |
| 690 | 07|aCensus|2gcpds |
| 710 | 2 |aStatistics Canada. |
| 775 | 08|tLe fichier des codes postaux par circonscription électorales fédérale (décret de représentation électorale de 1996) |w(CaOODSP)9.641028 |
| 856 | 40|ahttp://publications.gc.ca|qPDF|s12014 KB|uhttps://publications.gc.ca/collections/collection_2012/statcan/rh-hc/CS92-F0028-1997-eng.pdf |